Therapeutics Exercise (Record no. 33154)
[ view plain ]
| 000 -LEADER | |
|---|---|
| fixed length control field | 00420nam a22001697a 4500 |
| 005 - DATE AND TIME OF LATEST TRANSACTION | |
| control field | 20230726132219.0 |
| 008 - FIXED-LENGTH DATA ELEMENTS--GENERAL INFORMATION | |
| fixed length control field | 230726b |||||||| |||| 00| 0 eng d |
| 082 ## - DEWEY DECIMAL CLASSIFICATION NUMBER | |
| Classification number | 615.82 |
| Item number | KIS-T |
| 100 ## - MAIN ENTRY--AUTHOR | |
| Author Name | KISNER,CAROLYN |
| 245 ## - TITLE STATEMENT | |
| Title | Therapeutics Exercise |
| 260 ## - PUBLICATION, DISTRIBUTION, ETC. | |
| Place of Publication | USA |
| Name of publisher, distributor, etc. | F.A DAVIS Company |
| Date of publication, distribution, etc. | 2007 |
| 300 ## - PHYSICAL DESCRIPTION | |
| Pages | 1022 |
| 500 ## - GENERAL NOTE | |
| General note | include index |
| 650 ## - SUBJECT ADDED ENTRY--TOPICAL TERM | |
| Subject / Department | Medical/physiotherapy |
| 700 ## - ADDED ENTRY--PERSONAL NAME | |
| Personal name | CAROLYN KISNER |
| 952 ## - LOCATION AND ITEM INFORMATION (KOHA) | |
| -- | 0 |
| -- | 0 |
| Lost status | Damaged status | Permanent Location | Current Location | Shelving Location | Date acquired | Full Call Number | Accession No./Barcode | Date last seen | item type |
|---|---|---|---|---|---|---|---|---|---|
| Superior Information Resource Center (SIRC) Superior University- Main Campus | Superior Information Resource Center (SIRC) Superior University- Main Campus | Medical | 07/26/2023 | 615.82 KIS-T 2007 | 20269 | 01/27/2025 | BOOK |
